000 01050cab a2200217 4500
001 L130160
008 050629n2005 000 0 eng u
035 _a(Sirsi) u130160
041 _aeng
100 _aSmith, Alan
245 _aMission impossible
260 _c2005
490 _aBuilding
_v270(8384) 3 June 2005, 64-69(5)
520 _aOutlines the arguments for and against pressure testing of dwellings to ensure that housebuilders construct airtight homes. These tests are firmly opposed by the housebuilders who warn that it may delay the purchase of homes. However, proponents of the testing argue that the process delivers better energy performance and will force builders to improve the build quality of homes.
590 _aIKA040705
650 _aBUILDING REGULATIONS 2000 APPROVED DOCUMENT L1 (2002 EDITION)
650 _aBUILDING REGULATIONS 2000 APPROVED DOCUMENT E (2003 EDITION)
650 _aBUILDING REGULATIONS 2000 APPROVED DOCUMENT L2 (2002 EDITION)
690 _aBUILT ENVIRONMENT-BUILDING STANDARDS
942 _n0
999 _c75473
_d75473